[Event "FIDE-Wch k.o."]
[Site "Groningen"]
[Date "1997.12.11"]
[Round "2.1"]
[White "Rozentalis, Eduardas"]
[Black "Tiviakov, Sergei"]
[Result "0-1"]
[WhiteElo "2645"]
[BlackElo "2590"]
[Annotator "Meulders,R"]
[PlyCount "108"]
[EventDate "1997.12.09"]
[EventType "k.o."]
[EventRounds "7"]
[EventCountry "NED"]
[SourceTitle "CBM 063"]
[Source "ChessBase"]
[SourceDate "1998.03.26"]
[SourceVersion "1"]
[SourceVersionDate "1998.03.26"]
[SourceQuality "1"]

1. e4 {HarZvi Hecht} c5 2. c3 d5 3. exd5 Qxd5 4. d4 e6 5. Nf3 Nf6 6. Be3 cxd4
7. cxd4 Be7 8. Nc3 Qd6 9. Bd3 Nc6 10. a3 O-O 11. Qc2 {Viel seltener gespielt
als 11.Qe2} g6 (11... b6 $2 12. Ne4 Nxe4 13. Bxe4 {><c6,h7}) (11... Bd7 {HarZvi
} 12. Rd1 (12. O-O Rac8 13. Rad1 Rfd8 (13... g6 14. Rfe1 Rfd8 15. Qe2 Be8 16.
Ng5 Qc7 17. Bc4 $14 {Vogt,L-Valter,H/GER/1994/1|0/40/}) 14. Rfe1 Be8 15. Qe2
Nd5 16. Ne4 Qc7 17. Bb1 Qb6 $132 {Janovsky,S-Dolmatov,S/Dortmund/1992/0|1/98/})
12... h6 13. O-O Rfd8 (13... Rac8 14. Qd2 (14. Qe2 Rfd8 15. Rfe1 Bf8 16. Bb1
Be8 17. Bc1 g6 18. Ba2 a6 19. d5 $14 {Lutz,C-Zagrebelny,S/Moscow/1994/0,5/24/})
14... Nd5 (14... e5 $5 15. Nb5 Qd5 16. Nc3 Qd6 17. dxe5 Nxe5 18. Nxe5 Qxe5 19.
Rfe1 Bd6 20. f4 Qh5 21. Be2 Bg4 22. Qxd6 Bxe2 23. Nxe2 Ng4 24. Bxa7 $13 {
Margolin,B-Zagrebelny,S/Moscow/1995/0|1/52/}) 15. Nxd5 Qxd5 (15... exd5 16. Bf4
Qf6 17. Ne5 $14) 16. Rfe1 Qh5 17. b4 $14 {1-0 Onischuk,A-Lutz,C/Vienna op 1996/
EXP 53/[Chekhov] (33)}) 14. Qe2 Bf8 15. Bc1 g6 16. Bb1 Bg7 17. Rfe1 Be8 18. Ba2
Rac8 19. Nb5 (19. h3 $5) 19... Qf8 20. Nc3 Qd6 21. Ne4 Qe7 22. Ng3 Nd5 $10 {
0-1 Sermek,D-Zagrebelny,S/Ljubljana op 1994/CBM 42/[Zagrebelny] (69)}) 12. O-O
b6 13. Rad1 (13. Ne4 Nxe4 14. Bxe4 Bb7 15. Rad1 Na5 16. Bxb7 Nxb7 17. Qe4 Qd5 (
17... Na5 18. d5) 18. Qxd5 exd5 19. Rc1 Rac8 20. Ne5 Na5 $11 {1/2-1/2 Vogt,
L-Bezold,M/Altensteig 1994/CBM 43 (46)}) 13... Bb7 14. Rfe1 ({Nach} 14. Qe2 {
hatte Weiß ein Tempo verloren im Vergleich mit den varianten nach 11.Qe2,
obwohl das nicht so wichtig sei..} Rac8 15. Rfe1 Rfe8 16. Bg5 Ng4 17. Ne4 Qc7
18. Bc4 Red8 19. g3 Bxg5 20. Nexg5 Re8 21. d5 exd5 22. Qxe8+ Rxe8 23. Rxe8+ Kg7
24. Bxd5 h6 25. Bxf7 $6 (25. Nxf7 Ne7 26. Bxb7 Kxf7 27. Rxe7+ Kxe7 28. Be4 g5
$15) 25... hxg5 26. Nxg5 Kf6 27. h4 Nd4 $1 {0-1 Rozentalis,E-Magerramov,E/
Podolsk GMA-qual 1989/EXT 89 (38)}) 14... Ng4 $1 {a new move according to my
database,but it isquite strange since this is quite a natural move} (14... Rac8
15. Qe2 Rfe8 16. Bc4 Nd5 17. Bxd5 exd5 18. Bh6 f6 {/=/+} 19. h4 Nd8 20. Nb5 Qb8
21. Qd2 Bc6 22. Bf4 Qb7 23. Nc3 {und gleichen Chancen nach} Nf7 {1/2-1/2
Rozentalis,E-Hellers,F/Rilton Cup 1990/EXT 90op (49)}) 15. Be4 Rac8 16. Qe2 {
Har Zvi: it is impossible to avoid the exchange of the bishop on "e3" since
Bc1 is not so good} (16. Bc1 {HarZvi} f5 17. Bxc6 Bxc6 18. Ne5 Nxe5 19. dxe5
Qc7 20. Qb3 Kf7 $15) 16... Nxe3 17. Qxe3 {Har Zvi: black does not have enough
time to blocade the "d" pawn and has to preper him self for "d5" by white} (17.
fxe3 {HarZvi} Bf6 (17... Rfd8 $5) 18. d5 exd5 19. Nxd5 Qe6) 17... Bf6 18. d5
Na5 (18... exd5 {HarZvi} 19. Nxd5 Qd8 (19... Rfd8 20. Nxb6 Qxd1 21. Nxc8 Qd7 (
21... Bxc8 22. Rxd1 Rxd1+ 23. Ne1 $18) 22. Nxa7 Nxa7 23. Qxa7 Bxe4 24. Qxd7
Rxd7 25. Rxe4 Bxb2 26. a4 $16) (19... Rcd8 20. Qc1 {[%cal Gd5b4]} Rfe8 21. Nb4
Rxe4 (21... Bxb2 22. Qb1 $16) 22. Rxd6 Rxe1+ 23. Nxe1 Rxd6 24. Nxc6 Bxc6 $14 {
/+/-}) 20. Nxf6+ Qxf6 21. Rd7 Ba8 22. b4 $14) 19. dxe6 Qxe6 20. Nd4 (20. Bxb7
Qxe3 (20... Nxb7 21. Nd5 Bd8 (21... Qd6 22. Qe2 $16 {[%cal Ge2a6,Gd5f6,Rd1d7]}
(22. Nxf6+ Qxf6 23. Qe7 Qxe7 24. Rxe7 $14 {/+/-})) 22. Qh6 Qg4 23. h3 Qh5 24.
Qxh5 gxh5 25. Ne7+ Bxe7 26. Rxe7 $16) 21. Rxe3 Nxb7 22. Nd5 (22. Rd7 {HarZvi}
Rb8 23. b4 Rfd8) 22... Kg7 $11 (22... Kg7 23. Nxf6 Kxf6 24. Rd7 Rc1+ 25. Ne1 (
25. Re1 Rxe1+ 26. Nxe1 Re8 {[%cal Ge8e7]}) 25... Nc5 26. Rxa7 Nd3 27. Kf1 Nxb2
$11) (22... Bd8 23. Ne7+ Bxe7 24. Rxe7 $16)) 20... Qe7 21. Ndb5 $6 (21. Bxb7
Qxe3 22. Rxe3 Nxb7 23. Nd5 $4 (23. h3 Rfd8 24. Red3 Nc5 25. R3d2 Rd7 26. Ndb5
Rxd2 27. Rxd2 a6 28. Nd5 Bg5 29. f4 Bxf4 30. Nxf4 axb5 31. Nd5 $11) 23... Bxd4
24. Rxd4 Rc1+ $19) 21... Bxe4 22. Nxe4 (22. Qxe4 {HarZvi} Qxe4 23. Rxe4 Bxc3 (
23... Nc4 24. Nd5 Nxb2 25. Nxf6+ Kg7 26. Rb1 Kxf6 27. Nxa7 $11) (23... Rfd8 $11
) 24. Nxc3 Nc4 25. Nd5 Kg7 26. Re2 $11) 22... Bxb2 {Har Zvi: a very very
strange move,why to give the "b2" pawn?? Gewinnt einen bauer für den Weiß
keine ausreichende Kompensation bekommt, also leicht -/+.} 23. Qf3 (23. Qd2 {
[%cal Gd2b2,Ge4d6] HarZvi} Be5 24. f4 (24. Ned6 Rc5 25. f4 a6) 24... Rfd8 25.
Ned6 (25. Qb4 Rxd1 (25... Bf6 26. Ned6) 26. Rxd1 (26. Qxe7 Rxe1+ 27. Kf2 Rxe4
28. fxe5 Nb3 $36 {although the position is not clear since white's queen may
cause black many troubles} 29. Nd6 Rc2+ 30. Kf3 Nd2+ 31. Kg3 Rc3+ 32. Kf2))
25... Bxd6 26. Rxe7 Bc5+ $17) 23... Rc6 (23... Be5 $17 {HarZvi} 24. Ned6 Rc5)
24. a4 (24. Ned6 {HarZvi} Be5 25. Qe2 Bxd6 26. Qxe7 Bxe7 27. Rxe7 a6) 24... Re6
{Har Zvi: /-+ now all the complications are over,black is simply a pawn up
with even better pieces,white chances are not too much} 25. Re2 Bg7 26. Rde1 a6
27. Nbc3 Rd8 28. g3 Nc6 29. Re3 Nd4 {Har Zvi: I am quite sure that Tiviakov
was in time trouble here because of two reasons which are actully one,first he
mises here an immediate win and secondly the way he played his next move,since
otherwise I can not explain how one of the top players in the world mises
simple win} (29... Bd4 $1 {HarZvi} 30. R3e2 Ne5 31. Qg2 Nd3) 30. Qd1 h6 (30...
Qd7 {HarZvi}) 31. Qb1 {Har Zvi: black is still of course winning,he has an
extra pawn and a much better bishop than white's knight} Kh7 {Har Zvi: strange
move,why to put your King just on the diagonal white's Queen is [ the b1-h7
diagonal ].Qd7 with the idea b5} (31... Qd7 $5 {HarZvi}) 32. h4 (32. Ne2 $5 {
HarZvi} Nxe2+ 33. R3xe2 Rd4 $19) 32... Nf5 33. R3e2 Nd4 34. Re3 f5 (34... Nf5 {
HarZvi} 35. R3e2 Qc7 $1 {this is a very strong move,just attacking the "c3"
knight}) 35. Nd2 Rxe3 (35... Qf7 $5 {HarZvi}) 36. Rxe3 Qf6 (36... Qc5 {HarZvi}
37. h5 gxh5) 37. h5 {Har Zvi: white got some initiative which is more than
what black should have given him} (37. Nc4 {HarZvi} f4 $19) 37... f4 {Har Zvi:
why to expose your king in this way,any way I do not like the king on "h7" so
now black even opens this diagonal further? but again it was time trouble} (
37... gxh5 {HarZvi} 38. Nf3 {[%csl Rf5,Rh7]} Nxf3+ 39. Rxf3 h4) (37... g5 $5 {
HarZvi}) (37... b5 {HarZvi} 38. axb5 axb5 39. Nb3 {[%csl Rb5]} b4 40. Na2) 38.
hxg6+ {/-+} (38. gxf4 {HarZvi Har Zvi: white's best move} Nf5 39. Nce4 Qc6 $17)
(38. Nde4 {HarZvi} Qf5 39. gxf4 Qxh5 40. Qxb6 Rf8 $40 {/-/+}) 38... Qxg6 39.
Qxg6+ Kxg6 40. Rd3 (40. gxf4 {HarZvi} Nf5 $19) 40... fxg3 (40... Ne2+ $4 41.
Nxe2 Rxd3 42. Nxf4+ $18) 41. Rxg3+ (41. fxg3 {HarZvi} b5 (41... Nf3+ 42. Rxf3
Rxd2) 42. axb5 axb5) 41... Kf7 42. Nde4 b5 43. axb5 axb5 {Har Zvi: black has a
very strong pass pawn with a better bishop there is no reason not to win this
position} 44. Kf1 b4 45. Na4 b3 46. Nb2 Rb8 47. Nd6+ Kf8 48. Re3 {Har Zvi:
losing immediately 48.Ndc4 seems better although it should not change much} (
48. Ndc4 {HarZvi}) 48... Nf5 49. Nxf5 Bxb2 {[#] Hecht: Starker schwarzer
Freibauer i.V. mit gutem Läufer. Achtung: schwacher schwarzer Randbauer, da
das Umwandlungsfeld nicht die Läuferfarbe hat.} 50. Re1 (50. Nxh6 {HarZvi} Bc1
51. Rf3+ Ke8 {[%cal Gb3b2,Gb2b1]}) 50... Ba3 51. Rb1 b2 52. Nd4 Rc8 53. Nb3 Rc3
(53... Rc1+ $2 {Hecht} 54. Nxc1 (54. Rxc1 {HarZvi} bxc1=Q+ 55. Nxc1 Bxc1 {
Har Zvi: and the pawn will Queen [ or maybe bette to say not ] on a white
coloured square no excatly the same as the bishop!! draw?}) 54... bxc1=Q+ 55.
Rxc1 Bxc1 56. Kg2 $11) 54. Nd2 Rc1+ {Har Zvi: black's king is simply commimg
and with a pass "h" pawn there is nothing more to see} ({Weiß ist wehrlos: der
Springer muß Pb2 bewachen und der schwarze K rückt vor, z.B.:} 54... Rc1+ 55.
Ke2 Kf7 (55... Rxb1 {Hecht} 56. Nxb1 Bb4 {[%cal Yb4d2,Yb4a3,Rh6h1]} 57. Kd3 h5
58. Ke4 (58. Kc4 h4 59. Kxb4 h3 $19) 58... Kf7 59. Kf5 h4 60. Kg4 Kf6 61. Kxh4
Kf5 62. Kg3 Ke4 63. Z0 Kd3 64. Z0 Kc2 $19) 56. Kf3 Kf6 57. Kf4 Rxb1 58. Nxb1
Bb4 59. Kg4 Kg6 60. Kf4 h5 61. Kg3 Kg5 62. f4+ Kg6 63. Kh3 Be1 64. Na3 Kf5 $19)
0-1

[Event "BEL-chT 9798"]
[Site "Antwerp"]
[Date "1998.01.11"]
[Round "7"]
[White "Lemmers, Oscar"]
[Black "Chuchelov, Vladimir"]
[Result "1-0"]
[WhiteElo "2340"]
[BlackElo "2525"]
[Annotator "Meulders,R"]
[PlyCount "103"]
[EventDate "1997.??.??"]
[EventType "team"]
[EventRounds "11"]
[EventCountry "BEL"]
[SourceTitle "CBM 063"]
[Source "ChessBase"]
[SourceDate "1998.03.26"]
[SourceVersion "1"]
[SourceVersionDate "1998.03.26"]
[SourceQuality "1"]

1. e4 c5 2. c3 d5 3. exd5 Qxd5 4. d4 e6 5. Nf3 Nf6 6. Be3 cxd4 7. cxd4 Nc6 8.
Nc3 Qd6 9. Bc4 $5 {Häufiger wird hier Be2, Rc1 oder a3 gespielt.} Be7 10. Qe2
$5 {Und hier wird meistens rochiert, oder verhindert Weiß den Springerausbruch
nach b4:} (10. O-O O-O 11. Rc1 (11. Qe2 a6 (11... Nb4 12. Bg5 Nbd5 13. Rad1 a6
14. Rfe1 Nxc3 15. bxc3 b5 16. Bb3 Ra7 17. Qd3 Nd5 18. Bc2 g6 19. Bh6 Rc7 $1 20.
Qd2 Re8 21. Bb3 Bb7 {0-1 Anderton,M-Mortazavi,A/London Lloyds 1994/EXP 43 (35)
Schwarz dominiert.}) 12. Rad1 (12. a3 b5 13. Ba2 b4 14. Na4 bxa3 15. bxa3 Rb8
16. Nc5 Nd5 17. Rac1 Rd8 18. Qc2 Qc7 19. Ne4 Bb7 20. Neg5 g6 21. Qe4 Qd6 22.
Qh4 {mit Lebensgefährlichem Angriff.} h5 {1-0 Vlassov,N-Kharitonov,A/St.
Petersburg op 1994/CBM 41 (38)}) 12... b5 13. Bb3 Nb4 14. Bg5 Bb7 15. Ne5 Rac8
16. Rfe1 Nbd5 17. Rd3 Nxc3 18. bxc3 Ne4 19. Bxe7 Qxe7 20. Qe3 Rc7 21. Qh3 Rfc8
22. Nxf7 Kxf7 23. Rf3+ Ke8 24. Qxh7 Rxc3 25. Qg8+ Kd7 26. Bxe6+ Qxe6 27. Qxg7+
Kd6 28. Rxc3 Rxc3 29. Qxb7 Qd5 30. Qxa6+ Kd7 31. h4 Nxf2 32. Qa7+ Rc7 33. Re7+
Kxe7 34. Qxc7+ Ke6 35. Kxf2 Qxa2+ {Rozentalis,E-Serper,G/Vilnius 1988/CBM 07/
1-0 (55)}) 11... Nb4 12. Nb5 Qd8 13. Bf4 Nbd5 14. Bg3 Bd7 15. Re1 Bc6 16. Ne5
Qb6 17. a4 a6 18. Bxd5 Nxd5 19. Nc4 Qd8 20. Nbd6 Bg5 21. Ra1 Nf4 {Okhotnik,
V-Stempin,P/Uzhgorod 1988/TD 88\01/1-0 (74) mit unklarem Spiel.}) (10. a3 O-O
11. O-O Nd5 12. Ne4 Nxe3 13. fxe3 Qd8 14. Rc1 Bd7 15. Nc5 Be8 16. b4 b6 17. Nd3
Bf6 18. Ba6 Qd6 19. Nf2 Be7 20. Qc2 Rb8 21. Bd3 {1-0 Schmittdiel,E-Vogt,L/
Dortmund-B 1990/CBM 18 (40) und Weiß steht ein wenig besser.}) 10... O-O 11.
Rd1 $5 {Zieht die Rochade hinaus und nimmt die schwarze Dame ins Visier.
Zugleich droht den Aufmarsch ...d5. Daher reagiert Schwarz "logisch": er
spielt Nb4 (Kontrolle über Feld d5) aber er gibt dadurch die Kontrolle über
Feld e5 auf. Eine plausibele Alternative erscheint mir 11...a6, Idee ...b5 um
den Laüfer nach d3 zu treiben, was wenigstens das Turmmanöver verhindert wie
es später in der Partie kommt.} Nb4 $6 (11... a6 12. d5 exd5 13. Nxd5 Nxd5 14.
Rxd5 (14. Bxd5 Be6 15. Bb3 $5 Qb4+ 16. Bd2 Qb5 (16... Qg4 17. Bxe6 Qxe6 (17...
fxe6 18. O-O Bf6 19. h3 Qf5 20. g4 $1 Qd5 21. Bb4 $16) 18. Qxe6 fxe6 19. O-O
Bf6 20. Rfe1 $14) 17. Bxe6 Qxe2+ 18. Kxe2 fxe6 19. Bc3 Rad8 $14) 14... Qb4+ 15.
Rd2 Rd8 $11) 12. Ne5 $1 {Gemäß der alten Regel: "Stelle einen Springer auf e5,
und der Angriff spielt sich selbst". Oder, mit einiger Übertreibung: " Du
kannst ruhig einschlafen, Matt kommt von selbst!" (Tartakower)} Nbd5 13. O-O
Bd7 14. Bg5 Bc6 (14... Nxc3 15. bxc3 Nd5 $2 16. Bxd5 exd5 17. Nxd7 Rfe8 18.
Bxe7 Rxe7 19. Ne5 f6 20. f4 {met großem Vorteil für Weiß.}) 15. Rd3 $1 {
Cf. die Anmerkung zum elftem Zug. Die Partie kommt jetzt in eine kritische
Phase. Durch den Druck auf das schwarze Zentrum, die drohende Aufstellung von
Ne5 (Punkt f7!) und die ziemlich prekäre Lage von Qd6, muß Schwarz sehr
aufpassen.} Rac8 16. Rh3 Rfd8 $2 {Gibt ohne weiteres die Deckung von P f7 auf.
Wahrscheinlich hat Chuchelov ein Läuferopfer auf h6 gefurchtet, sonst hätte er
wohl ...h6 getan, z.B.:} (16... h6 $1 17. Bxh6 (17. Bxd5 Bxd5 18. Bf4 (18. Bd2
$5 Rfd8 19. Rg3 Kf8 {mit ungefähr gleichem Spiel.}) 18... Bc4 $1 19. Nxc4 Qxf4
$17) (17. Bxf6 Nf4 $1 18. Qg4 Nxh3+ 19. Qxh3 Bxf6 $19) 17... gxh6 18. Rxh6 Kg7
$1 19. Qd2 Rg8 $1 20. Rh3 Kf8 {und ich sehe nicht was Schwarz noch geschehen
kann.}) 17. Bxd5 exd5 (17... Nxd5 $2 18. Qh5 Bxg5 19. Qxf7+ Kh8 20. Ng6#) 18.
Bxf6 Bxf6 19. Qh5 {Dieser Doppelangriff auf Ph7 und Pf7 gibt Weiß großem
Vorteil.} Bxe5 20. Qxh7+ Kf8 21. Re1 $1 {Der Ne5 ist tot aber der Mörder darf
nicht weichen oder Schwarz geht Matt mit Qh8.} Qg6 22. Qh8+ (22. Qxg6 Bxh2+ $1
23. Rxh2 fxg6 {mit nur geringem Vorteil.}) 22... Ke7 23. Qh4+ $1 Kd7 24. Rxe5 {
Weiß hat jetzt eine technische Gewinnstellung, aber die muß man natürlich auch
noch gewinnen!} Re8 25. Rhe3 f6 26. Qh3+ Kc7 27. Rxe8 Rxe8 28. Rxe8 Qxe8 29.
Qe3 $1 Qf7 30. h4 a5 31. Qf4+ Kd7 32. Qg4+ Kc7 33. a3 Qe7 34. Qf4+ Kd7 35. Qe3
{Vielleicht diese Mal?} Qd6 36. Ne2 b6 37. Ng3 Qe6 (37... g6 38. Qh6 f5 (38...
Qe6 39. Qxg6 Qe1+ 40. Kh2 Qxf2 41. Qf5+ Qxf5 42. Nxf5 Ke6 43. g4 $18) 39. h5 f4
(39... gxh5 40. Qxh5 f4 41. Qf7+ Kd8 42. Ne2 $18) 40. Ne2 $18) 38. Qxe6+ {
Also natürlich!} Kxe6 39. f4 Be8 40. Kf2 Bg6 41. Ke3 Kd6 42. f5 Be8 43. Ne2 Ba4
44. Nf4 Bd1 45. Ne6 g6 46. Kf4 Bc2 47. g4 gxf5 48. gxf5 Bd1 49. Ng7 Ke7 50. h5
Kf7 51. h6 Be2 52. Ne8 $1 {Nach dem gezwungenen 52...Kg8 gewinnt Weiß nun noch
2 Bauer mit 53.Nxf6 und 54.Nxd5 und daher aufgegeben. Eine hervorragende
leistung von dem Holländer Oscar Lemmens!} 1-0

[Event "Bundesliga 0102"]
[Site "Germany"]
[Date "2002.04.14"]
[Round "13.7"]
[White "Seger, Ruediger"]
[Black "Meins, Gerlef"]
[Result "0-1"]
[WhiteElo "2400"]
[BlackElo "2415"]
[Annotator "Meyer,CD"]
[PlyCount "66"]
[EventDate "2001.10.06"]
[EventType "team-tourn"]
[EventRounds "15"]
[EventCountry "GER"]
[SourceTitle "CBM 088"]
[Source "ChessBase"]
[SourceDate "2002.03.21"]
[SourceVersion "1"]
[SourceVersionDate "2002.03.21"]
[SourceQuality "1"]
[WhiteTeam "Godesberg"]
[BlackTeam "Werder Bremen"]
[WhiteTeamCountry "GER"]
[BlackTeamCountry "GER"]

1. e4 c5 2. c3 d5 3. exd5 Qxd5 4. d4 Nc6 5. Nf3 Bg4 6. dxc5 $5 {Diese Stellung
(mit Nc6 u. Bg4) ist noch ziemlich unerforscht.} (6. Be2) 6... Qxc5 (6... Qxd1+
7. Kxd1 e5 (7... Rd8+ 8. Nbd2 e5 9. b4 e4 10. h3 Bh5 11. g4 Bxg4 12. hxg4 exf3
13. Kc2 Nf6 14. g5 Ng4 15. Nxf3 Be7 16. Rg1 Nxf2 17. Be3 Ne4 18. Bd3 f5 19.
gxf6 Nxf6 20. Rxg7 {1-0 Sveshnikov,E-Breder,D/Bled 2001/CBM 81 ext (42)}) 8. b4
a5 9. Bb5 Nge7 10. Kc2 Bxf3 11. gxf3 axb4 12. Rd1 Nf5 13. Bxc6+ bxc6 14. cxb4
Nd4+ 15. Kc3 Be7 16. Nd2 O-O 17. Bb2 Bh4 18. Kc4 Bxf2 19. Ne4 Be3 20. a4 {
1-0 Sveshnikov,E-Priehoda,V/Bled 1997/CBM 57 ext (39)}) 7. Be3 Qa5 8. Qb3 $6 (
8. Na3 $142) 8... Bxf3 (8... O-O-O $6 9. Qxf7 Ne5 10. Qf4 g5 11. Qg3) 9. gxf3
Qc7 10. Na3 a6 11. Nc4 Nf6 {[#]} 12. Nb6 $6 {Aus Furcht vor ...Nd5. Der
Textzug ist jedoch kraftlos, und Weiß versäumt es, sich (wegen seiner
strukturellen Schwächung) hier (und auch im Folgenden) einer kreativen oder
einlenkenden Spielweise (siehe z.B. 12.Bb6) zu befleißigen.} (12. Bb6 $142 Qf4
13. Rd1 $5 (13. Be3 Qc7 (13... Qxf3 $2 14. Rg1 O-O-O 15. Bg2) 14. Bb6 $11)
13... e6 (13... Qxf3 $6 14. Rg1 e6 (14... Rc8 15. Be3 b5 16. Nb6 Rc7 17. a4 $40
) 15. Bg2 $40) 14. Be3 Qc7 15. Bf4 e5 16. Bg5 $13) (12. O-O-O $6 b5 13. Nb6 (
13. Nd2 e6) 13... Rb8) 12... Rd8 13. Be2 e6 14. f4 Be7 15. Bf3 O-O 16. O-O e5
$1 $17 17. Nc4 e4 18. Bg2 (18. Bb6 $4 Qxf4 {(} 19. Bxd8 exf3 {)}) 18... b5 19.
Nd2 Nd5 20. Nxe4 Nxf4 {[#]} 21. Rad1 (21. Bxf4 Qxf4 22. Rfd1 (22. a4 Na5 23.
Qc2 f5) 22... Ne5 23. Rxd8 Rxd8 24. Rd1 Nc4 25. Rxd8+ Bxd8 26. Qd1 Bc7) 21...
Nxg2 22. Kxg2 Ne5 23. Rxd8 Rxd8 24. f3 Ng6 25. Qc2 Nh4+ 26. Kg1 Qc4 27. a3 Rd3
28. Qf2 Qd5 29. Qe2 $2 (29. Kh1 f5 30. Nd2 g5 $5 $40) 29... f5 $19 30. Bg5 (30.
Nd2 Rxe3 31. Qxe3 Bc5) 30... fxe4 31. Bxe7 Nxf3+ 32. Kh1 Rd2 33. Rxf3 exf3 0-1